000
00313cam a2200133ua 4500
020
_a
9788183600781
082
_a
621.402
_b
MAT/TH
100
_a
Mathur, M L.
245
_a
Thermal engineering /
260
_a
New Delhi :
_b
Jain Brothers ,
_c
2006.
300
_a
1285 ; .
700
1
_a
Mehta, F S .
942
_c
BK
999
_c
13240
_d
13240